| 000 | 00627nam a2200193 i 4500 | ||
|---|---|---|---|
| 001 | 36114 | ||
| 003 | ES-MaACL | ||
| 007 | t| | ||
| 008 | 030217s1983 sp ||||1| spa d | ||
| 100 | 1 |
_aBrandenstein, Béla Freiherr von. _931337 |
|
| 245 | 1 | 0 |
_aProblemas de una ética filosófica / _cBéla Freiherr von Brandenstein ; [versión... de Claudio Grancho]. |
| 260 |
_aBarcelona : _bHerder, _c1983. |
||
| 300 |
_a175 p. ; _c22 cm. |
||
| 490 | 1 | _aBiblioteca de filosofía | |
| 700 | 1 |
_aGancho, Claudio _953818 |
|
| 830 | 0 |
_aBiblioteca de filosofía _9181615 |
|
| 852 |
_aES-MaACL _jL-4263 _bR.104891 |
||
| 999 |
_c36114 _d36114 |
||